00348nam a2200157Ia 4500008004100000020001500041041001200056082001600068100001800084245001700102250000800119260002200127300000800149650001400157700001900171221030s9999 xx 000 0 und d a0070499438 aEnglish a105.23bRay aJ. F. Rayport 0aE - Commerce a2nd bTMHaNew Delhic0 a456 aComputers aB. J. Jaworski